The host: (Record no. 177060)

MARC details
000 -LEADER
fixed length control field 00575nam a22001937a 4500
005 - DATE AND TIME OF LATEST TRANSACTION
control field 20210205163311.0
010 ## - LCCN (DPL NO)
LC control number B-736845
020 ## - INTERNATIONAL STANDARD BOOK NUMBER
International Standard Book Number 9780751540642
Terms of availability 350.00
035 ## - SYSTEM CONTROL NUMBER
System control number B-736845
037 ## - SOURCE OF ACQUISITION
Source of stock number/acquisition Gift/Eng/03-02-2021
082 ## - DEWEY DECIMAL CLASSIFICATION NUMBER
Classification number N
100 ## - MAIN ENTRY--PERSONAL NAME
Personal name Meyer, Stephenie
245 ## - TITLE STATEMENT
Title The host:
Remainder of title a novel /
Statement of responsibility, etc by Stephenie Meyer
260 ## - PUBLICATION, DISTRIBUTION, ETC. (IMPRINT)
Place of publication, distribution, etc London
Name of publisher, distributor, etc Sphere
Date of publication, distribution, etc 2009
270 ## - ADDRESS
Address 100 Victoria Embankment
City London
300 ## - PHYSICAL DESCRIPTION
Extent 617p.
Dimensions 19cm(pbk)
942 ## - ADDED ENTRY ELEMENTS (KOHA)
Source of classification or shelving scheme Dewey Decimal Classification
Item type English Books
Classification part N
Call number suffix MEY
Holdings
Withdrawn status Lost status Not for loan Collection code Home library Current library Date acquired Source of acquisition Cost, normal purchase price Full call number Barcode Copy number Cost, replacement price Koha item type
      Fiction Central Library Central Library 05/02/2021 Gift/Eng/03-02-2021 350.00 N MEY B-736845 1 350.00 English Books

© Delhi Public Library
Hit Counter
free hit counter